000 01899cam a22004934i 4500
003 PE-LiUPU
005 20250731172801.0
008 150617s1926 nyu r 000 0 spa d
035 _a(Sirsi) a13110
040 _aPE-LiUPU
_bspa
_cPE-LiUPU
_erda
049 _aPRUA
082 0 4 _aB229.8
_bW841926
_221
110 2 _aBiblia. Inglés. N.T. Apocrypha
130 _aBiblia
_pN.T.
_pApócrifos
_lInglés
_sAlpha House
_f1926.
245 1 4 _aThe lost books of the Bible.
264 1 _aNew York :
_bAlpha House INC,
_c1926.
300 _a293 páginas ;
_c23 centímetros
336 _atext
_2rdacontent
337 _aunmediated
_2rdamedia
338 _avolume
_2rdacarrier
505 0 _aLibros apócrifos del nuevo testamento.
526 _aSEG42
526 _aSEG41
526 _aSEG40
526 _aSEG39
526 _aP94
526 _aP87
526 _aP86
526 _aP85
526 _aP77
526 _aP76
526 _aP35
630 _aBiblia
_pN.T.
_pApócrifos
_lInglés
_sAlpha House
_f1926.
910 _ajck
_bjvq
_cjck
_d20150616
942 _2ddc
_cBOOK
949 _a229.8 W84 1926
_wDEWEY
_c1
_i14118
_lCCODEBUL1
_mBUL
_p16.00
_r0
_sY
_tBOOK
_u19751127
_xTEOLOGIA
_PP35
_0COMPRA
_o.STAFF. Colección Teología
949 _a229.8 W84 1926
_wDEWEY
_c2
_i11093
_lCCODEBUL1
_mBUL
_p16.00
_r0
_sY
_tBOOK
_u19751127
_xTEOLOGIA
_PP35
_0COMPRA
_o.STAFF. Colección Teología
994 _aC0
_bPEPRU
596 _a1
999 _a229.8 W84 1926
_wDEWEY
_c3444
_i14118
_d3444
_e2015-10-18
_f2021-11-11
_g4
_lCCODEBUL1
_mBUL
_n1
_p10.00
_r0
_sY
_tBOOK
_u2015-6-17
_xTEOLOGIA
_PP35
_0COMPRA
_o.STAFF. Colección Teología
999 _a229.8 W84 1926
_wDEWEY
_c2
_i11093
_f2021-11-9
_g4
_lCCODEBUL1
_mBUL
_p16.00
_r0
_sY
_tBOOK
_u2015-6-17
_xTEOLOGIA
_PP35
_0COMPRA
_o.STAFF. Colección Teología
980 _81
_gALBERTO SANCHEZ Responsable de Automatización